000 00329 a2200109 4500
001 ART_33837
005 20260410161708.0
008 260409a
245 1 0 _aModificaciones al objeto del impuesto a las ganancias
100 1 _aCáceres, Alberto I.
773 0 _tRevista Impuestos
_g- Nº 5 (mar. 2006)
_wREV639
999 _c15796
_d15796